书目信息 |
| 题名: |
行政领导学
|
|
| 作者: | 朱立言 主编 | |
| 分册: | ||
| 出版信息: | 北京 中国人民大学出版社 2004 |
|
| 页数: | 234页 | |
| 开本: | 23cm | |
| 丛书名: | ||
| 单 册: | ||
| 中图分类: | C933 , D035 | |
| 科图分类: | ||
| 主题词: | 行政管理--领导学--教材 , 领导学 , 行政管理 | |
| 电子资源: | ||
| ISBN: | 7-300-05712-8 | |
| 000 | 00958nam0 2200301 450 | |
| 000 | 00969nam0 2200301 450 | |
| 000 | 00902nam0 2200277 450 | |
| 000 | 00866nam0 2200265 45 | |
| 005 | 20070723192346.34 | |
| 010 | @a7-300-05712-8@dCNY19.00 | |
| 100 | @a20070626d2004 em y0chiy0120 ea | |
| 101 | 0 | @achi |
| 102 | @aCN@b110000 | |
| 105 | @ay z 000yy | |
| 200 | 1 | @a行政领导学@AXing Zheng Ling Dao Xue@f朱立言主编@FZhu Li Yan Zhu Bian |
| 210 | @a北京@c中国人民大学出版社@d2004 | |
| 215 | @a234页@d23cm | |
| 300 | @a21世纪公共行政系列教材 | |
| 304 | @a中国人民大学行政管理学系组编 | |
| 330 | @a本书重点阐述了领导主体、领导客体、领导体制、领导过程、领导方法、领导艺术、领导发展、领导绩效,及领导者修养等问题。 | |
| 606 | 0 | @a行政管理@x领导学@j教材 |
| 606 | 0 | @a领导学 |
| 606 | 0 | @a行政管理 |
| 690 | @aC933@v4 | |
| 690 | @aD035@v4 | |
| 701 | 0 | @a朱立言@AZhu Li Yan@4主编 |
| 801 | 0 | @aCN@bTAOJIN@c20070723 |
| 905 | @a10447@dC933@e373 | |
| 行政领导学/朱立言主编.-北京:中国人民大学出版社,2004 |
| 234页;23cm |
| 21世纪公共行政系列教材 |
| ISBN 7-300-05712-8:CNY19.00 |
| 本书重点阐述了领导主体、领导客体、领导体制、领导过程、领导方法、领导艺术、领导发展、领导绩效,及领导者修养等问题。 |
| ● |
| 相关链接 |
|
|
|
|
正题名:行政领导学
索取号:C933/373
 
预约/预借
| 序号 | 登录号 | 条形码 | 馆藏地/架位号 | 状态 | 备注 |
| 1 | 0823701 | 208237013 | 第一样本阅览室/ [索取号:C933/373] | 在馆 | |
| 2 | 0823702 | 208237022 | 教育系资料室/ [索取号:C933/373] | 在馆 | |
| 3 | 0823703 | 208237031 | 教育系资料室/ [索取号:C933/373] | 在馆 | |
| 4 | 0823704 | 208237040 | 第一借阅区/ [索取号:C933/373] | 在馆 | |
| 5 | 0823705 | 208237059 | 第一借阅区/ [索取号:C933/373] | 在馆 | |
| 6 | 0823706 | 208237068 | 教育系资料室/ [索取号:C933/373] | 在馆 | |
| 7 | 0823707 | 208237077 | 第一借阅区/ [索取号:C933/373] | 在馆 | |
| 8 | 0823708 | 208237086 | 第一借阅区/ [索取号:C933/373] | 在馆 |